[Event "St Petersburg Korchnoi Memorial op"]
[Site "St Petersburg"]
[Date "2019.08.20"]
[Round "7"]
[White "Kozubov, Mikhail"]
[Black "Razumovskiy, Mikhail"]
[Result "1-0"]
[WhiteElo "1724"]
[BlackElo "1983"]
[PlyCount "113"]
[EventDate "2019.08.14"]
[EventType "swiss"]
[EventRounds "9"]
[EventCountry "RUS"]
[SourceTitle "CBM 192"]
[Source "ChessBase"]
[SourceDate "2019.10.31"]
[SourceVersion "1"]
[SourceVersionDate "2019.10.31"]
[SourceQuality "1"]

1. c4 Nf6 2. Nc3 c5 3. g3 Nc6 4. Bg2 e6 5. e4 d5 6. d3 Be7 7. Nge2 dxc4 8. dxc4 Qxd1+ 9. Nxd1 Ne5 10. b3 Nd3+ 11. Kd2 Nxc1 12. Kxc1 Rb8 13. Ndc3 a6 14. f4 Nd7 15. a4 b6 16. e5 f6 17. exf6 Nxf6 18. h3 0-0 19. Kc2 Ne8 20. Rhe1 Nd6 21. g4 b5 22. cxb5 axb5 23. Nxb5 Nxb5 24. axb5 Rxb5 25. Nc3 Rb8 26. Rf1 Bf6 27. Ra5 Bd4 28. Na4 Bd7 29. Nc3 Rfc8 30. Rd1 Be8 31. Be4 Bf7 32. Ra3 Rb4 33. Ra8 Rxa8 34. Bxa8 e5 35. Bd5 exf4 36. Bxf7+ Kxf7 37. Nd5 Rb7 38. Nxf4 g5 39. Ne2 Be3 40. Nc3 Bd4 41. Ne4 Kg6 42. Nd6 Ra7 43. Nf5 Ra2+ 44. Kd3 Bf6 45. Rd2 Ra1 46. Ng3 Rc1 47. Rc2 Rxc2 48. Kxc2 Bd4 49. Kd3 Bf2 50. Ne4 Bg1 51. Kc4 h5 52. Nxc5 hxg4 53. hxg4 Kf6 54. Kd5 Ke7 55. b4 Kd8 56. Ne6+ Kc8 57. Nxg5 1-0

[Event "St Petersburg Korchnoi Memorial op"]
[Site "St Petersburg"]
[Date "2019.08.16"]
[Round "3"]
[White "Kozubov, Mikhail"]
[Black "Nikitin, Sergey E"]
[Result "1-0"]
[WhiteElo "1724"]
[BlackElo "2074"]
[PlyCount "97"]
[EventDate "2019.08.14"]
[EventType "swiss"]
[EventRounds "9"]
[EventCountry "RUS"]
[SourceTitle "CBM 192"]
[Source "ChessBase"]
[SourceDate "2019.10.31"]
[SourceVersion "1"]
[SourceVersionDate "2019.10.31"]
[SourceQuality "1"]

1. c4 e5 2. Nc3 Nf6 3. g3 d5 4. cxd5 Nxd5 5. Bg2 Nb6 6. d3 Nc6 7. Nf3 f6 8. 0-0 Be6 9. Bd2 Bd6 10. a3 Na5 11. b4 Nb3 12. Rb1 Nxd2 13. Nxd2 c6 14. b5 Rc8 15. a4 Qd7 16. bxc6 bxc6 17. Nce4 Be7 18. Qc2 c5 19. a5 Nd5 20. Nc4 Nb4 21. Qc3 0-0 22. Ra1 Rb8 23. Rfc1 Nc6 24. Qe1 Nd4 25. Rab1 Rb4 26. Nc3 Rfb8 27. Rd1 Kf7 28. Ne3 Rb3 29. Rxb3 Rxb3 30. Ncd5 Bd8 31. f4 Rb2 32. fxe5 fxe5 33. Nc4 Rxe2 34. Nxe5+ Ke8 35. Nxd7 Rxe1+ 36. Rxe1 Kxd7 37. a6 Kd6 38. Nc3 Bb6 39. Ne4+ Kd7 40. Kh1 h6 41. Rc1 Nb3 42. Rd1 Nd4 43. Rb1 Nc6 44. Rc1 Nb4 45. Nxc5+ Bxc5 46. Rxc5 Nxa6 47. Ra5 Nb4 48. Rxa7+ Kd6 49. Rxg7 1-0

[Event "St Petersburg Korchnoi Memorial op"]
[Site "St Petersburg"]
[Date "2019.08.15"]
[Round "2"]
[White "Mochalin, Faddey"]
[Black "Kozubov, Mikhail"]
[Result "1/2-1/2"]
[WhiteElo "2173"]
[BlackElo "1724"]
[PlyCount "80"]
[EventDate "2019.08.14"]
[EventType "swiss"]
[EventRounds "9"]
[EventCountry "RUS"]
[SourceTitle "CBM 192"]
[Source "ChessBase"]
[SourceDate "2019.10.31"]
[SourceVersion "1"]
[SourceVersionDate "2019.10.31"]
[SourceQuality "1"]

1. e4 e6 2. d4 d5 3. Nd2 Nf6 4. e5 Nfd7 5. Bd3 c5 6. c3 Nc6 7. Ne2 Qb6 8. Nf3 cxd4 9. cxd4 Bb4+ 10. Bd2 Bxd2+ 11. Qxd2 Qb4 12. 0-0 Qxd2 13. Nxd2 Nb6 14. a3 Bd7 15. b4 Ke7 16. f4 g6 17. Rfc1 Rhc8 18. Nb3 a6 19. Nc5 Rcb8 20. Rab1 Nc8 21. Rc2 Ke8 22. Rbc1 N8e7 23. Kf2 b5 24. Nxd7 Kxd7 25. Rc5 Rc8 26. g4 Nd8 27. a4 Rxc5 28. bxc5 bxa4 29. Nc3 Ndc6 30. Nxa4 Kc7 31. Ke3 Nb4 32. Be2 Nec6 33. Nb6 Rh8 34. Bd3 h5 35. g5 Rb8 36. Ra1 Rb7 37. Ra4 a5 38. Bb1 Ra7 39. Ra3 Rb7 40. Na8+ Kb8 1/2-1/2

[Event "St Petersburg Korchnoi Memorial op"]
[Site "St Petersburg"]
[Date "2018.08.21"]
[Round "7"]
[White "Zemnitskiy, Alexander"]
[Black "Kozubov, Mikhail"]
[Result "1-0"]
[WhiteElo "2069"]
[BlackElo "1720"]
[PlyCount "143"]
[EventDate "2018.08.15"]
[EventType "swiss"]
[EventRounds "9"]
[EventCountry "RUS"]
[SourceTitle "CBM 186 Extra"]
[Source "ChessBase"]
[SourceDate "2018.08.24"]
[SourceVersion "1"]
[SourceVersionDate "2018.08.24"]
[SourceQuality "1"]

1. d4 d5 2. c4 e6 3. Nc3 Nf6 4. cxd5 exd5 5. Bg5 Be7 6. e3 c6 7. Bd3 h6 8. Bf4 Be6 9. Qc2 Nbd7 10. h3 Rc8 11. Nf3 b6 12. 0-0 Nb8 13. e4 0-0 14. e5 Ne8 15. Qd2 Qd7 16. g4 c5 17. Bc2 c4 18. Kh2 f5 19. exf6 Bxf6 20. Ne5 Bxe5 21. Bxe5 Nc6 22. f4 Nxe5 23. fxe5 Nc7 24. Rae1 Rf7 25. Bb1 Rxf1 26. Rxf1 Rf8 27. Bh7+ Kxh7 28. Rxf8 Bf7 29. Qf2 Bg6 30. Rf3 b5 31. a3 a5 32. Ne2 b4 33. axb4 axb4 34. Ng3 Ne6 35. h4 Qa7 36. Nf5 Bxf5 37. gxf5 Nxd4 38. Rf4 Nc6 39. Qxa7 Nxa7 40. Rd4 Nc6 41. Rxd5 Ne7 42. Rd4 Nxf5 43. Rxc4 b3 44. Rb4 Kg6 45. Kh3 Kf7 46. Rxb3 Ke6 47. Rb5 Nd4 48. Rb7 g5 49. hxg5 hxg5 50. Kg4 Kxe5 51. Kxg5 Ne6+ 52. Kg4 Kd4 53. Kf3 Kd3 54. Kf2 Nc5 55. Rb8 Ne4+ 56. Ke1 Kc2 57. Rb4 Nd2 58. Rf4 Nb3 59. Rf2+ Kc1 60. Rg2 Na1 61. b4 Nb3 62. b5 Nc5 63. b6 Nd3+ 64. Kf1 Nc5 65. Rg5 Nd7 66. b7 Kc2 67. Rc5+ Kb2 68. Rd5 Nb8 69. Rd8 Nc6 70. Rc8 Ne7 71. b8Q+ Ka3 72. Qd6+ 1-0

[Event "St Petersburg Korchnoi Memorial op"]
[Site "St Petersburg"]
[Date "2018.08.17"]
[Round "3"]
[White "Strelkov, Sergey"]
[Black "Kozubov, Mikhail"]
[Result "0-1"]
[WhiteElo "1201"]
[BlackElo "1720"]
[PlyCount "42"]
[EventDate "2018.08.15"]
[EventType "swiss"]
[EventRounds "9"]
[EventCountry "RUS"]
[SourceTitle "CBM 186 Extra"]
[Source "ChessBase"]
[SourceDate "2018.08.24"]
[SourceVersion "1"]
[SourceVersionDate "2018.08.24"]
[SourceQuality "1"]

1. e4 d5 2. exd5 Qxd5 3. Nc3 Qa5 4. Be2 Nf6 5. Bf3 c6 6. Nge2 Bf5 7. 0-0 e6 8. d4 Bd6 9. Bd2 Qc7 10. Ng3 Bg6 11. Nce2 h5 12. h4 Nbd7 13. c4 Ng4 14. c5 Be7 15. Bf4 Qd8 16. Nc3 Bxh4 17. Nge4 Be7 18. Nd6+ Bxd6 19. Bxd6 Qh4 20. b4 e5 21. d5 Qh2# 0-1